The new science of skin and scuba diving

Zapisane w:
Opis bibliograficzny
Korporacja: Council for National Cooperation in Aquatics (Autor)
Format: Książka
Język:angielski
Wydane: Nueva York Association Press 1962
Hasła przedmiotowe:
Etykiety: Dodaj etykietę
Nie ma etykietki, Dołącz pierwszą etykiete!

MARC

LEADER 00000nam a2200000 a 4500
001 UCV5258
003 CL-VaPUC
008 921001e19620000US |||||||||||||||||eng|d
082 0 4 |a 797.23  |b COU  |2 21 
110 2 |a Council for National Cooperation in Aquatics  |e author  |9 299580 
245 1 4 |a The new science of skin and scuba diving 
300 |a 208 p 
942 |c BK 
945 |d 19921001 00:00:00 
260 |a Nueva York  |b Association Press  |c 1962 
650 7 |a BUCEO  |2 CL-VaPUC  |9 261889 
583 |a last modification  |c 19921001 00:00:00  |k Rodrigo Vera 
999 |c 211834  |d 211832 
952 |0 0  |1 0  |4 0  |6 797_230000000000000_COU_1962  |7 0  |8 CCM  |9 191815  |a BIBCUR  |b BIBCUR  |d 2019-11-14  |i 2593319  |o 797.23 COU 1962  |p 2593319  |r 2025-04-22  |w 2019-11-14  |y BK  |k CIM